000 01418cam a22003737a 4500
003 CHAP
005 20220329143013.0
008 050621d2000 mx r 00110 spa d
010 _a90517
011 _a91489
035 _a102048
040 _cCHAP
082 0 4 _a572.072
_bP45
100 0 0 _aPeña Saint Martin, Florencia
_ecoord.
_986836
245 1 0 _aPrograma integral de fortalecimiento institucional
_c/coord. por Florencia Peña Saint Martin
260 _aMéxico, D. F. :
_bEscuela Nacional de Antropología e Historia,
_c2000.
300 _av.
490 0 _aSerie ENAH Fortalecimiento institucional 2000-2003
500 _aLa biblioteca tiene : 2.0, 3.0
590 _aBATCH-UPD
_b10
_c20130110
_lUCH01
_h0319
590 _aBATCH-UPD
_b10
_c20130110
_lUCH01
_h1952
590 _aBATCH-UPD
_b10
_c20130409
_lUCH01
_h2352
590 _aBATCH-UPD
_b10
_c20130914
_lUCH01
_h1246
590 _aCONVERSION
_b10
_c20130109
_lUCH01
_h1350
650 1 4 _aAntropologia
_xEstudio y ensenanza.
_96137
650 1 4 _aEducación superior
_xAdministración.
_935601
650 1 4 _aHistoria
_xEstudio y enseñanza.
_955603
830 0 0 _aSerie ENAH Fortalecimiento institucional 2000-2003
_9104843
901 _aBK
905 _aLilia
942 _cLIBRO
949 _a572.072 P45
_bBC
_cLIBRO
_d33724000953386
_eLIBRO
_f2.0
_gD.
_h106124
_i102048
_sb
949 _a572.072 P45
_bBC
_cLIBRO
_d33724000953444
_eLIBRO
_f3.0
_gD.
_h106125
_i102048
_sb
999 _c90517
_d90517